=LDR 00000nam 2200000 4500 =001 INLIS000000000009706 =005 20130612101505 =008 ***********************************Ind** =035 ##$$0010-061300000009706 =041 ##$$a Ind =082 ##$$a 634 =090 ##$$a 634, Nus m =100 ##$$a Nuswamarhaeni, Saptarini =245 ##$$a Mengenal Buah Unggul Indonesia, Saptarini Nuswamarhaeni,Diah Prihatini, Endang Puspita Pohan =260 ##$$a 1993 $b Jakarta =300 ##$$a 122 hlm, ilus, 21 cm =650 ##$$a Buah-buahan =850 ##$$a NBPNMAT